[Event "91st ch-FRA 2016"]
[Site "Agen FRA"]
[Date "2016.08.13"]
[Round "1.1"]
[White "Edouard, Romain"]
[Black "Cornette, Matthieu"]
[Result "0-1"]
[WhiteElo "2647"]
[BlackElo "2581"]
[PlyCount "97"]
[EventDate "2016.08.13"]

1. c4 e6 2. Nc3 d5 3. d4 Bb4 4. a3 Bxc3+ 5. bxc3 c6 6. e3 Nf6 7. Bd3 e5 8. Ne2
e4 9. Bb1 O-O 10. Ng3 Qa5 11. Bd2 Qa6 12. cxd5 cxd5 13. f3 Re8 14. Rf1 Nc6 15.
fxe4 Bg4 16. Qb3 Na5 17. Qa2 dxe4 18. Bc2 Rac8 19. h3 Be6 20. Qb1 Bc4 21. Rf4
Bd3 22. Nxe4 Bxc2 23. Qxc2 Nd5 24. Rf5 Nxe3 25. Bxe3 Nc4 26. Bf4 Qe6 27. Re5
Nxe5 28. dxe5 Qf5 29. g3 Rc4 30. O-O-O Qxe4 31. Qxe4 Rxe4 32. Rd7 h6 33. h4 Rc8
34. Kd2 Rc6 35. Rxb7 Ra4 36. Rb8+ Kh7 37. Rb7 Kg6 38. h5+ Kxh5 39. Rxf7 Kg6 40.
Re7 Rxa3 41. e6 Kf6 42. Rf7+ Kxe6 43. Rxg7 Rcxc3 44. Rxa7 Rxa7 45. Kxc3 h5 46.
Kd3 Kf5 47. Ke3 h4 48. Bd6 h3 49. g4+ 0-1

[Event "91st ch-FRA 2016"]
[Site "Agen FRA"]
[Date "2016.08.13"]
[Round "1.2"]
[White "Gharamian, Tigran"]
[Black "Jolly, Jean-Francois"]
[Result "1/2-1/2"]
[WhiteElo "2637"]
[BlackElo "2361"]
[PlyCount "146"]
[EventDate "2016.08.13"]

1. e4 e5 2. Nf3 Nc6 3. Bb5 a6 4. Ba4 Nf6 5. O-O Be7 6. Re1 b5 7. Bb3 d6 8. c3
O-O 9. h3 Nb8 10. d4 Nbd7 11. Nbd2 Bb7 12. Bc2 Re8 13. Nf1 Bf8 14. Ng3 g6 15.
b3 c6 16. Bg5 h6 17. Be3 Qc7 18. Qd2 Kh7 19. c4 exd4 20. Bxd4 Bg7 21. Rad1 Re6
22. Be3 c5 23. Bf4 Ne5 24. Nxe5 dxe5 25. Be3 Ne8 26. Qd7 Re7 27. Qxc7 Rxc7 28.
Rd2 Bf8 29. Red1 Ng7 30. Rd7 Rac8 31. Rxc7 Rxc7 32. Ne2 Ne6 33. Nc3 Nd4 34. Bd3
b4 35. Nd5 Bxd5 36. cxd5 Bd6 37. Rc1 a5 38. Kf1 h5 39. Bxd4 cxd4 40. Rc6 Rxc6
41. dxc6 Kg7 42. Ke2 Kf8 43. Bc4 Ke7 44. h4 Bc7 45. Kd3 Bb8 46. Bd5 Bd6 47. Bc4
Bc7 48. Kd2 Bb6 49. Kd1 Bd8 50. Ke2 Bb6 51. Kd3 Bc7 52. Bd5 Bb8 53. Kc4 Bc7 54.
g3 Bb8 55. Kb5 d3 56. Bc4 d2 57. Be2 Bc7 58. Ka6 Kd6 59. Kb7 Bd8 60. Bd1 Bc7
61. Be2 Bd8 62. Bd1 Bc7 63. f4 exf4 64. gxf4 Bd8 65. Bc2 f6 66. Bd1 g5 67. hxg5
h4 68. g6 Ke7 69. Bh5 Kf8 70. Kc8 Bb6 71. Kb7 Bd8 72. Kc8 Bb6 73. Kb7 Bd8
1/2-1/2

[Event "91st ch-FRA 2016"]
[Site "Agen FRA"]
[Date "2016.08.13"]
[Round "1.3"]
[White "Bauer, Christian"]
[Black "Demuth, Adrien"]
[Result "1-0"]
[WhiteElo "2620"]
[BlackElo "2545"]
[PlyCount "65"]
[EventDate "2016.08.13"]

1. e4 e5 2. Nf3 Nc6 3. Bb5 a6 4. Ba4 Nf6 5. d3 Bc5 6. O-O b5 7. Bb3 d6 8. c3
O-O 9. Re1 Bb6 10. h3 Be6 11. Bg5 h6 12. Bh4 g5 13. Bg3 Nh5 14. Nxe5 Bxb3 15.
Qxh5 dxe5 16. axb3 Qxd3 17. Kh2 Qd6 18. Qe2 Rfd8 19. Na3 Qd2 20. Qh5 Kg7 21.
Rab1 Qd6 22. Nc2 Qe6 23. b4 Rd2 24. Ne3 Bxe3 25. Rxe3 Qg6 26. Qxg6+ Kxg6 27.
Kg1 a5 28. bxa5 Rxa5 29. Kf1 Ra2 30. Re2 Rd3 31. f3 f6 32. Be1 Na5 33. b4 1-0

[Event "91st ch-FRA 2016"]
[Site "Agen FRA"]
[Date "2016.08.13"]
[Round "1.4"]
[White "Maze, Sebastien"]
[Black "Feller, Sebastien"]
[Result "1-0"]
[WhiteElo "2627"]
[BlackElo "2602"]
[PlyCount "121"]
[EventDate "2016.08.13"]

1. e4 e5 2. Nc3 Nf6 3. g3 d5 4. exd5 Nxd5 5. Bg2 Nxc3 6. bxc3 Nc6 7. d3 Bd6 8.
Nf3 O-O 9. O-O Bg4 10. h3 Bh5 11. Rb1 Rb8 12. g4 Bg6 13. Ng5 Be7 14. Ne4 Qd7
15. Ng3 Bc5 16. Be3 Bb6 17. Re1 Kh8 18. Qf3 f6 19. a4 Ba5 20. Bd2 Nd4 21. Qd1
Ne6 22. Rb5 b6 23. h4 c6 24. Rb1 c5 25. h5 Bf7 26. Re4 c4 27. h6 g5 28. Qf3 Nf4
29. Bxf4 gxf4 30. Nf5 Bd5 31. dxc4 Bxe4 32. Qxe4 Bxc3 33. Bf3 Qc7 34. Rd1 Rbd8
35. Rd5 Bb4 36. Be2 Qf7 37. Bd3 Qg6 38. f3 Bc5+ 39. Kf1 Rg8 40. Rxd8 Rxd8 41.
Qb7 Qg8 42. Qxa7 Rd4 43. Nxd4 Bxd4 44. Qe7 e4 45. Qxe4 Bc5 46. Qxf4 Qf8 47. Kg2
Bd6 48. Qe3 Bc5 49. Qd2 Qd6 50. Qe1 Qe5 51. Qxe5 fxe5 52. f4 exf4 53. Kf3 Be3
54. Be4 Kg8 55. Bd5+ Kh8 56. g5 Bd2 57. c5 bxc5 58. c4 Bc3 59. Kxf4 Bd2+ 60.
Kf5 Bxg5 61. a5 1-0

[Event "91st ch-FRA 2016"]
[Site "Agen FRA"]
[Date "2016.08.13"]
[Round "1.5"]
[White "Gozzoli, Yannick"]
[Black "Fressinet, Laurent"]
[Result "1/2-1/2"]
[WhiteElo "2573"]
[BlackElo "2677"]
[PlyCount "144"]
[EventDate "2016.08.13"]

1. d4 Nf6 2. c4 e6 3. Nc3 Bb4 4. g3 O-O 5. Bg2 d5 6. a3 Bxc3+ 7. bxc3 c6 8. Nf3
b6 9. Bg5 Ba6 10. Bxf6 Qxf6 11. Ne5 Bxc4 12. Nxc4 dxc4 13. O-O e5 14. dxe5 Qxe5
15. Qd4 Qe6 16. Rad1 Na6 17. Qd6 Rae8 18. Rfe1 Nb8 19. Qf4 b5 20. a4 Qe5 21.
Qxe5 Rxe5 22. Rd6 Re6 23. Rxe6 fxe6 24. Ra1 a6 25. axb5 cxb5 26. Bb7 Rf7 27.
Be4 Rd7 28. f4 Rd6 29. Kf2 Nd7 30. Ke3 Nc5 31. Bc2 g6 32. g4 Kg7 33. h4 h6 34.
g5 h5 35. Ra3 Rd5 36. Ra2 Kf7 37. Ra1 Rd6 38. Ra3 Rd7 39. Ra2 Rd5 40. Ra3 e5
41. fxe5 Rxe5+ 42. Kd4 Ke6 43. e4 Kd6 44. Ra1 Re6 45. Ra2 Re8 46. Ra1 Re7 47.
Ra2 Re6 48. Ra3 Re5 49. Ra2 Ne6+ 50. Ke3 Nc7 51. Kd4 Re8 52. Ra1 Rd8 53. Rf1 a5
54. Ke3 Ke7 55. Rf6 Rd6 56. e5 Nd5+ 57. Kd4 Rd8 58. Rd6 Rxd6 59. exd6+ Kxd6 60.
Bxg6 Nf4 61. Be8 Ne2+ 62. Ke3 Nxc3 63. g6 Nd5+ 64. Kd4 Nc7 65. g7 Ne6+ 66. Kc3
Nxg7 67. Bxb5 Kc5 68. Bxc4 Nf5 69. Be2 Ng3 70. Bf3 a4 71. Bd1 Ne4+ 72. Kb2 Kd5
1/2-1/2

[Event "91st ch-FRA 2016"]
[Site "Agen FRA"]
[Date "2016.08.14"]
[Round "2.1"]
[White "Gozzoli, Yannick"]
[Black "Maze, Sebastien"]
[Result "1-0"]
[WhiteElo "2573"]
[BlackElo "2627"]
[PlyCount "77"]
[EventDate "2016.08.13"]

1. d4 Nf6 2. c4 e6 3. Nf3 d5 4. g3 dxc4 5. Bg2 a6 6. Ne5 Bb4+ 7. Nc3 Nd5 8. Bd2
b5 9. O-O Bxc3 10. bxc3 O-O 11. e4 Ne7 12. a4 f6 13. Ng4 Bb7 14. Qb1 Qd7 15.
Rd1 e5 16. Bh3 Qe8 17. Ne3 Kh8 18. d5 Bc8 19. Bg2 Nd7 20. axb5 Rb8 21. Nxc4
axb5 22. Ne3 Nb6 23. Qb4 Bd7 24. Qc5 c6 25. Rdb1 cxd5 26. exd5 f5 27. Ra6 Na4
28. Qa3 f4 29. Nd1 f3 30. Bf1 Nxd5 31. c4 Nc7 32. Ra7 bxc4 33. Rxb8 Qxb8 34.
Qd6 Rc8 35. Be3 Bb5 36. Qxe5 Ne8 37. Qf5 Nf6 38. Bd4 Rc6 39. Qg5 1-0

[Event "91st ch-FRA 2016"]
[Site "Agen FRA"]
[Date "2016.08.14"]
[Round "2.2"]
[White "Jolly, Jean-Francois"]
[Black "Bauer, Christian"]
[Result "1-0"]
[WhiteElo "2361"]
[BlackElo "2620"]
[PlyCount "79"]
[EventDate "2016.08.13"]

1. e4 c6 2. d4 d5 3. e5 Bf5 4. Be3 e6 5. Nd2 Bb4 6. c3 Ba5 7. Be2 Nd7 8. f4 Nh6
9. h4 f6 10. g4 Bg6 11. h5 Bf7 12. Bd3 fxe5 13. fxe5 c5 14. a3 Rc8 15. Nh3 cxd4
16. cxd4 Qc7 17. O-O O-O 18. Nb3 Bb6 19. Rc1 Qb8 20. Rxc8 Qxc8 21. Qe2 Qd8 22.
Bg5 Qe8 23. Bb1 Kh8 24. Nf4 Bg8 25. Kg2 Nf7 26. Bh4 Nh6 27. Kh3 Bd8 28. Qe1 Nf7
29. Bxd8 Nxd8 30. Qh4 Nf7 31. g5 Qe7 32. Rg1 Nfxe5 33. dxe5 Nxe5 34. Ng6+ Nxg6
35. hxg6 Rf3+ 36. Kg4 Qf8 37. Qh2 Rxb3 38. gxh7 Bf7 39. Rf1 g6 40. Qe5+ 1-0

[Event "91st ch-FRA 2016"]
[Site "Agen FRA"]
[Date "2016.08.14"]
[Round "2.3"]
[White "Fressinet, Laurent"]
[Black "Cornette, Matthieu"]
[Result "1/2-1/2"]
[WhiteElo "2677"]
[BlackElo "2581"]
[PlyCount "81"]
[EventDate "2016.08.13"]

1. Nf3 d5 2. e3 Nf6 3. c4 e6 4. b3 b6 5. Bb2 Bb7 6. Nc3 Nbd7 7. d4 Bd6 8. Bd3
O-O 9. O-O a6 10. Qe2 Ne4 11. a4 f5 12. a5 Rf6 13. cxd5 Nxc3 14. Bxc3 Bxd5 15.
e4 fxe4 16. Bxe4 b5 17. Bd2 h6 18. Bxd5 exd5 19. Ne5 Re6 20. Qg4 Qe7 21. Nxd7
Qxd7 22. Rae1 Rae8 23. g3 Qf7 24. Rxe6 Rxe6 25. Re1 Rxe1+ 26. Bxe1 Kh7 27. Bd2
Qg6 28. Qxg6+ Kxg6 29. f3 h5 30. Kf2 Kf5 31. h3 c6 32. g4+ hxg4 33. hxg4+ Ke6
34. Ke2 g6 35. Kd3 Kf6 36. Ke2 Ke6 37. Kd3 Kf6 38. Ke2 Ke6 39. Kd3 Kf6 40. Ke2
Ke6 41. Kd3 1/2-1/2

[Event "91st ch-FRA 2016"]
[Site "Agen FRA"]
[Date "2016.08.14"]
[Round "2.4"]
[White "Demuth, Adrien"]
[Black "Edouard, Romain"]
[Result "1-0"]
[WhiteElo "2545"]
[BlackElo "2647"]
[PlyCount "83"]
[EventDate "2016.08.13"]

1. c4 b6 2. Nf3 Bb7 3. g3 c5 4. Bg2 g6 5. Nc3 Bg7 6. b3 Nh6 7. Bb2 Nf5 8. O-O
O-O 9. e3 Nc6 10. g4 Nh6 11. h3 e5 12. Nd5 f5 13. Nh2 fxg4 14. Nxg4 Nf5 15. f4
d6 16. fxe5 dxe5 17. e4 Nfd4 18. Rxf8+ Qxf8 19. Qf1 Qd6 20. Qd3 Nb4 21. Nxb4
cxb4 22. Bxd4 Rd8 23. Rd1 Qe6 24. Qe3 exd4 25. Qg5 Rf8 26. Rf1 Rxf1+ 27. Kxf1
h5 28. Nf2 Kh7 29. Ke2 Qf7 30. Nd3 a5 31. e5 Bxg2 32. Qxg2 Qe6 33. Qe4 Qxh3 34.
e6 Qh2+ 35. Nf2 d3+ 36. Kf1 Qb8 37. e7 Qe8 38. Qe6 Kh6 39. Qe3+ Kh7 40. Qe6 Kh6
41. Qd6 Qf7 42. Qd8 1-0

[Event "91st ch-FRA 2016"]
[Site "Agen FRA"]
[Date "2016.08.14"]
[Round "2.5"]
[White "Feller, Sebastien"]
[Black "Gharamian, Tigran"]
[Result "1/2-1/2"]
[WhiteElo "2602"]
[BlackElo "2637"]
[PlyCount "45"]
[EventDate "2016.08.13"]

1. d4 Nf6 2. c4 e6 3. Nc3 Bb4 4. Nf3 c5 5. g3 cxd4 6. Nxd4 O-O 7. Bg2 d5 8.
cxd5 Nxd5 9. Qb3 Qb6 10. Bxd5 exd5 11. Be3 Nc6 12. Rd1 Ba5 13. Qa3 Bb4 14. Qb3
Ba5 15. Qxb6 Bxc3+ 16. bxc3 axb6 17. Nxc6 bxc6 18. Bxb6 Rxa2 19. Rd2 Ra1+ 20.
Rd1 Ra2 21. Rd2 Ra1+ 22. Rd1 Ra2 23. Rd2 1/2-1/2

[Event "91st ch-FRA 2016"]
[Site "Agen FRA"]
[Date "2016.08.15"]
[Round "3.1"]
[White "Edouard, Romain"]
[Black "Jolly, Jean-Francois"]
[Result "1-0"]
[WhiteElo "2647"]
[BlackElo "2361"]
[PlyCount "45"]
[EventDate "2016.08.13"]

1. Nf3 d5 2. g3 g6 3. Bg2 Bg7 4. O-O e5 5. d3 Ne7 6. Nc3 d4 7. Ne4 f5 8. Ned2
c5 9. c3 Be6 10. Nb3 Qb6 11. cxd4 exd4 12. e3 O-O 13. exd4 cxd4 14. Re1 Bxb3
15. axb3 Nbc6 16. Ng5 Bf6 17. Bf4 Rac8 18. Re6 Qb5 19. h4 Nd5 20. Bd6 Nc7 21.
Bxf8 Nxe6 22. Nxe6 Kf7 23. b4 1-0

[Event "91st ch-FRA 2016"]
[Site "Agen FRA"]
[Date "2016.08.15"]
[Round "3.2"]
[White "Maze, Sebastien"]
[Black "Fressinet, Laurent"]
[Result "1/2-1/2"]
[WhiteElo "2627"]
[BlackElo "2677"]
[PlyCount "47"]
[EventDate "2016.08.13"]

1. e4 e5 2. Nc3 Nc6 3. Nf3 Nf6 4. Bb5 Nd4 5. Bc4 Bc5 6. d3 d6 7. Na4 b5 8. Nxd4
bxc4 9. Nf5 Bxf5 10. exf5 cxd3 11. Nxc5 dxc5 12. cxd3 O-O 13. O-O Qd7 14. Qf3
Rfd8 15. Be3 Qxd3 16. Rfc1 e4 17. Qg3 Qd5 18. Qxc7 Rac8 19. Qf4 c4 20. h3 Qb5
21. Rc2 Qa4 22. Rcc1 Qb5 23. Rc2 Qa4 24. Rcc1 1/2-1/2

[Event "91st ch-FRA 2016"]
[Site "Agen FRA"]
[Date "2016.08.15"]
[Round "3.3"]
[White "Gharamian, Tigran"]
[Black "Gozzoli, Yannick"]
[Result "0-1"]
[WhiteElo "2637"]
[BlackElo "2573"]
[PlyCount "78"]
[EventDate "2016.08.13"]

1. e4 c5 2. Nf3 d6 3. Bb5+ Nd7 4. d4 cxd4 5. Qxd4 a6 6. Bxd7+ Bxd7 7. c4 Nf6 8.
Bg5 e6 9. Nc3 Be7 10. e5 dxe5 11. Nxe5 Qc7 12. O-O Bc6 13. Rfe1 h6 14. Bh4 Rd8
15. Qe3 Ng4 16. Nxg4 Bxh4 17. Nd5 Bxd5 18. cxd5 Rxd5 19. Rac1 Qd8 20. Qa7 Bg5
21. Rb1 Qc7 22. h4 Bd2 23. Re2 O-O 24. Ne3 Rd3 25. b4 Rfd8 26. Nf1 Bc3 27. Rc2
Qd7 28. Qc5 Bd4 29. Qa5 Rc8 30. Re2 Bf6 31. g3 Rd1 32. Re1 Rxb1 33. Rxb1 Qd3
34. Re1 Bd4 35. Ne3 Bxe3 36. Rxe3 Rc1+ 37. Kh2 Qd1 38. g4 Qg1+ 39. Kh3 Qxf2 0-1

[Event "91st ch-FRA 2016"]
[Site "Agen FRA"]
[Date "2016.08.15"]
[Round "3.4"]
[White "Bauer, Christian"]
[Black "Feller, Sebastien"]
[Result "1-0"]
[WhiteElo "2620"]
[BlackElo "2602"]
[PlyCount "59"]
[EventDate "2016.08.13"]

1. e4 e5 2. Nf3 Nc6 3. Bc4 Bc5 4. d3 Nf6 5. O-O O-O 6. c3 d6 7. Bg5 h6 8. Bh4
Bb6 9. a4 a6 10. Nbd2 Kh8 11. b4 g5 12. Bg3 Nh7 13. a5 Ba7 14. b5 axb5 15. Bxb5
Ne7 16. d4 exd4 17. Nxd4 f5 18. f3 f4 19. Bf2 Ng6 20. a6 bxa6 21. Bxa6 Ne5 22.
Qe2 Nf6 23. Kh1 Kh7 24. Bb7 Bxb7 25. Ne6 Qb8 26. Bxa7 Rxa7 27. Nxf8+ Kg8 28.
Ne6 c5 29. Qb5 Nfd7 30. Nc4 1-0

[Event "91st ch-FRA 2016"]
[Site "Agen FRA"]
[Date "2016.08.16"]
[Round "4.1"]
[White "Maze, Sebastien"]
[Black "Gharamian, Tigran"]
[Result "1/2-1/2"]
[WhiteElo "2627"]
[BlackElo "2637"]
[PlyCount "54"]
[EventDate "2016.08.13"]

1. e4 c5 2. Nf3 Nc6 3. Bb5 d6 4. O-O Bd7 5. Re1 Nf6 6. c3 a6 7. Bf1 Bg4 8. h3
Bxf3 9. Qxf3 e6 10. d3 Be7 11. Nd2 O-O 12. Qd1 d5 13. e5 Nd7 14. Nf3 b5 15. Bf4
Rb8 16. a3 c4 17. d4 a5 18. g3 b4 19. axb4 axb4 20. h4 Re8 21. b3 Nb6 22. Re3
Ra8 23. cxb4 Nxb4 24. Rc1 Na2 25. Rc2 Nb4 26. Rc1 Na2 27. Rc2 Nb4 1/2-1/2

[Event "91st ch-FRA 2016"]
[Site "Agen FRA"]
[Date "2016.08.16"]
[Round "4.2"]
[White "Jolly, Jean-Francois"]
[Black "Cornette, Matthieu"]
[Result "1-0"]
[WhiteElo "2361"]
[BlackElo "2581"]
[PlyCount "45"]
[EventDate "2016.08.13"]

1. e4 e5 2. Nf3 Nc6 3. Bc4 Nf6 4. d3 Be7 5. O-O O-O 6. Re1 d6 7. c3 Kh8 8. h3
Nd7 9. d4 exd4 10. cxd4 Nb6 11. Bb3 d5 12. Nc3 dxe4 13. Nxe4 Bf5 14. Nc5 Rb8
15. Bf4 Nd5 16. Bg3 Bg6 17. a3 Bh5 18. Rc1 Bf6 19. Nxb7 Rxb7 20. Rxc6 Qd7 21.
Rc5 c6 22. Ba4 Rc8 23. Bxc6 1-0

[Event "91st ch-FRA 2016"]
[Site "Agen FRA"]
[Date "2016.08.16"]
[Round "4.3"]
[White "Gozzoli, Yannick"]
[Black "Bauer, Christian"]
[Result "1/2-1/2"]
[WhiteElo "2573"]
[BlackElo "2620"]
[PlyCount "101"]
[EventDate "2016.08.13"]

1. d4 d6 2. Nf3 f5 3. g3 Nf6 4. Bg2 h6 5. d5 c6 6. c4 e5 7. dxe6 Bxe6 8. b3 Na6
9. O-O Be7 10. Nc3 O-O 11. Nd4 Bd7 12. Bb2 Qe8 13. e4 fxe4 14. Nxe4 Qg6 15. Qc2
Nc5 16. Nxc5 Qxc2 17. Nxc2 dxc5 18. Ne3 Rfd8 19. Rad1 Kf7 20. f4 a5 21. a4 Ng4
22. Rxd7 Nxe3 23. Rxe7+ Kxe7 24. Re1 Rd1 25. Rxd1 Nxd1 26. Bxg7 Rd8 27. f5 Ne3
28. Bxh6 Rd1+ 29. Kf2 Nxf5 30. Bg5+ Ke6 31. h4 Rb1 32. Bh3 Rxb3 33. h5 Rxg3 34.
Bxf5+ Kxf5 35. Kxg3 Kxg5 36. Kf3 Kxh5 37. Kf4 Kg6 38. Ke5 Kf7 39. Kd6 Kf6 40.
Kxc5 Ke5 41. Kb6 Kd4 42. Kxb7 Kxc4 43. Kxc6 Kb4 44. Kd5 Kxa4 45. Kc4 Ka3 46.
Kc3 a4 47. Kc2 Ka2 48. Kc1 a3 49. Kc2 Ka1 50. Kc1 a2 51. Kc2 1/2-1/2

[Event "91st ch-FRA 2016"]
[Site "Agen FRA"]
[Date "2016.08.16"]
[Round "4.4"]
[White "Fressinet, Laurent"]
[Black "Demuth, Adrien"]
[Result "1/2-1/2"]
[WhiteElo "2677"]
[BlackElo "2545"]
[PlyCount "91"]
[EventDate "2016.08.13"]

1. d4 d5 2. c4 e6 3. Nf3 c5 4. cxd5 exd5 5. g3 Nf6 6. Bg2 Nc6 7. O-O Be7 8.
dxc5 Bxc5 9. Qc2 Bb6 10. Nc3 d4 11. Na4 O-O 12. Rd1 Re8 13. Bg5 h6 14. Nxb6
axb6 15. Be3 dxe3 16. Rxd8 exf2+ 17. Kxf2 Rxd8 18. Qb3 Ra6 19. Rd1 Rxd1 20.
Qxd1 Rxa2 21. Nd4 Ng4+ 22. Kg1 Nxd4 23. Qxd4 Ra1+ 24. Bf1 Be6 25. h3 Ne3 26.
Qxe3 Bxh3 27. Kh2 Bxf1 28. Qe8+ Kh7 29. Qe4+ Kg8 30. Qe8+ Kh7 31. Qe4+ Kg8 32.
g4 Re1 33. Qe8+ Kh7 34. Qxf7 Rxe2+ 35. Kg1 Bg2 36. Qf5+ Kh8 37. Qf8+ Kh7 38.
Qf5+ Kh8 39. Qd3 Rxb2 40. Qd4 Ra2 41. Qd8+ Kh7 42. Qd3+ Kh8 43. Qc4 Rd2 44.
Qc8+ Kh7 45. Qc3 Ra2 46. Qd3+ 1/2-1/2

[Event "91st ch-FRA 2016"]
[Site "Agen FRA"]
[Date "2016.08.16"]
[Round "4.5"]
[White "Feller, Sebastien"]
[Black "Edouard, Romain"]
[Result "1/2-1/2"]
[WhiteElo "2602"]
[BlackElo "2647"]
[PlyCount "90"]
[EventDate "2016.08.13"]

1. e4 e6 2. d4 d5 3. Nc3 Bb4 4. e5 c5 5. a3 Ba5 6. b4 cxd4 7. Qg4 Kf8 8. Nb5
Bb6 9. Nf3 Nc6 10. Bb2 Nge7 11. Nbxd4 h5 12. Qf4 Ng6 13. Nxc6 Nxf4 14. Nxd8
Bxd8 15. g3 Ng6 16. h4 Bd7 17. a4 Ne7 18. b5 Ba5+ 19. Kd1 Rc8 20. Bd3 Nf5 21.
Ke2 Ke7 22. Rhd1 Rhd8 23. Nd4 Nxd4+ 24. Bxd4 Bc3 25. Bxc3 Rxc3 26. Ke3 f6 27.
Kd4 Rdc8 28. Re1 Be8 29. f4 Bg6 30. Re2 Be4 31. Ra2 Kf7 32. a5 Kg6 33. Ra4 Bxd3
34. cxd3 Rb3 35. exf6 Kxf6 36. b6 axb6 37. axb6 Rcc3 38. Re3 Rc1 39. Re5 Rd1
40. Re3 Rxb6 41. Ra8 Rc6 42. Rf8+ Ke7 43. Rb8 Kf6 44. Rf8+ Ke7 45. Rb8 Kf6
1/2-1/2